00313pab a2200133 454500008004000000100002000040245002600060260000900086300001300095362000800108650003600116650001600152773001100168180718b2005 xxu||||| |||| 00| 0 eng d aDubhashi, Medha aThe mojari experience c2005 ap.43-45. aFeb aHandicrafts - India - Rajasthan aHandicrafts aYojana